Associated Phase Diagram and Thermodynamics Committee : XII. Annual Meeting. June 25, 2011, Brno, Czech Republic. Book of Abstracts

Na minha lista:
Detalhes bibliográficos
Formato: Livro
Idioma:inglês
Publicado em: Brno : ASCR, 2011
Tags: Adicionar Tag
Sem tags, seja o primeiro a adicionar uma tag!

MARC

LEADER 00000nam a22000003a 4500
001 stu237999
005 20150408182918.7
008 111107s2011----xr------------------eng-d
040 |a STU  |b slo 
041 0 |a eng 
044 |a xr 
245 |a Associated Phase Diagram and Thermodynamics Committee :  |b XII. Annual Meeting. June 25, 2011, Brno, Czech Republic. Book of Abstracts 
260 |a Brno :  |b ASCR,  |c 2011 
300 |a 14 s 
996 |b 284M080084  |c M*Z-3816  |l MMKN  |s A  |a 24  |w stu237999_0001